000 02411nam a22003377a 4500
005 20090825120337.0
008 090728t xxu||||| |||| 00| 0 pun d
010 _aPUN-6495 B-425765-769
020 _c140.00
_a9789380210018
035 _aPN-5613 B-425765-769
037 _bDBAD / PUB
037 _bk.k.publications(vendor)
040 _adpl
_bpn
082 _a260
100 _924414
_aਮਲਕਿੰਦਰ ਕੋਰ
245 _aਗੁਰਮਤਿ ਵਿਚਾਰਧਾਰਾ ਸਿੱਖਾਂ ਦੀ ਭਗਤਮਾਲਾ ਦੇ ਸੰਦਰਭ ਵਿਚ /
_cਮਲਕਿੰਦਰ ਕੋਰ
246 _aGurmat Vichardhara Sikhan di bhagatmala de sandarbh vich
_bby Malkinder Kaur
260 _aਪਟਿਆਲਾ
_bਗੁਰਮਤਿ ਪ੍ਰਕਾਸ਼ਨ
_c2010
270 _a13, ਫੇਜ਼-1, ਅਰਬਨ ਇਸਟੇਟ,
_bਪਟਿਆਲਾ
_k0175-2280226
_mgurmatprakashan@yahoo.co.in
_e147 002 (ਪੰਜਾਬ )
300 4 _a109 ਸਫੇ
_c22 ਸੇਮੀ (ਸਜਿਲੱਦ)
650 _924412
_aਗੁਰਬਾਣੀ
650 _aSikh Riligious
_924431
942 _2ddc
_cPN
_h260
_mਮਲਕਿ
999 _c48772
_d48772